Central Library OPAC University of Rajshahi

Grace abounding to the chief of sinners : (Record no. 20931)

MARC details
000 -LEADER
fixed length control field 00878nam a2200253 a 4500
001 - CONTROL NUMBER
control field 20931
003 - CONTROL NUMBER IDENTIFIER
rucl marc code BD-RjUL
005 - DATE AND TIME OF LATEST TRANSACTION
control field 20211209000629.0
008 - FIXED-LENGTH DATA ELEMENTS--GENERAL INFORMATION
fixed length control field 140302s1966 enk 000 0 eng u
035 ## - SYSTEM CONTROL NUMBER
System control number 66-72516
System control number (BD-RjUL)20993
040 ## - CATALOGING SOURCE
Original cataloging agency BUF
Modifying agency m.c
-- EQO
Language of cataloging eng
Transcribing agency BD-RjUL
041 ## - LANGUAGE CODE
Language code of text/sound track or separate title eng
082 ## - DEWEY DECIMAL CLASSIFICATION NUMBER
Classification number 823.34
Author mark and year BUG 1966
100 1# - MAIN ENTRY--PERSONAL NAME
Personal name Bunyan, John,
Dates associated with a name 1628-1688.
Fuller form of name John Bunyan.
9 (RLIN) 64665
245 10 - TITLE STATEMENT
Title Grace abounding to the chief of sinners :
Remainder of title and, The pilgrim's progress from this world to that which is to come /
Statement of responsibility, etc. edited with an introd. by Roger Sharrock
260 ## - PUBLICATION, DISTRIBUTION, ETC. (IMPRINT)
Place of publication, distribution, etc. Oxford University Press :
Name of publisher, distributor, etc. London,
Date of publication, distribution, etc. 1966.
300 ## - PHYSICAL DESCRIPTION
Pagination xi, 412 p. :
Illustrations front. (port.) 3 facsims ;
Size 23 cm.
490 0# - SERIES STATEMENT
Series statement Oxford standard authors
700 1# - ADDED ENTRY--PERSONAL NAME
Personal name Bunyan, John,
Dates associated with a name 1628-1688.
942 ## - ADDED ENTRY ELEMENTS (KOHA)
Source of classification or shelving scheme Dewey Decimal Classification
Koha item type Books
Holdings
Lost status Source of classification or shelving scheme Damaged status Not for loan Collection code Permanent Location Current Location Shelving location Date acquired Source of acquisition Cost, normal purchase price Total Checkouts Full call number Date last seen Copy number Koha item type
  Dewey Decimal Classification     Fiction Central Library, University of Rajshahi Central Library, University of Rajshahi   06/11/1968 Zeittinger 30.00   823.34 BUG 1966 02/03/2014 C-2 Books
  Dewey Decimal Classification   Added to bundle Fiction Central Library, University of Rajshahi Central Library, University of Rajshahi Reading Room 19/04/1967 Black well 30.00   823.34 BUG 1966 04/03/2014 C-1 Books